Cuidemos nuestra tierra : (Registro nro. 6938)
[ vista simple ]
| 000 -LEADER | |
|---|---|
| fixed length control field | 01077nam a22002297a 4500 |
| 003 - CONTROL NUMBER IDENTIFIER | |
| control field | OSt |
| 005 - DATE AND TIME OF LATEST TRANSACTION | |
| control field | 20201019164041.0 |
| 008 - FIXED-LENGTH DATA ELEMENTS--GENERAL INFORMATION | |
| fixed length control field | 201019s1994 ck a|||gr|||| 00| 0 spa d |
| 040 ## - CATALOGING SOURCE | |
| Original cataloging agency | CO-JMCR |
| Transcribing agency | CO-JMCR |
| 041 ## - LANGUAGE CODE | |
| Language code of text/sound track or separate title | spa |
| 082 04 - DEWEY DECIMAL CLASSIFICATION NUMBER | |
| Classification number | 333.9516 / |
| Item number | R788c |
| Edition number | 23 |
| 100 1# - MAIN ENTRY--PERSONAL NAME | |
| Personal name | De la Rosa, Alberto, |
| Relator term | autor |
| 9 (RLIN) | 11698 |
| 245 10 - TITLE STATEMENT | |
| Title | Cuidemos nuestra tierra : |
| Remainder of title | Una vida mejor mediante el aprovechamiento de los recursos en el campo / |
| Statement of responsibility, etc. | Alberto de la Rosa, Warner Moosbrugger |
| 250 ## - EDITION STATEMENT | |
| Edition statement | Segunda edición |
| 260 ## - PUBLICATION, DISTRIBUTION, ETC. | |
| Place of publication, distribution, etc. | Bogotá : |
| Name of publisher, distributor, etc. | Proyecto Checua, |
| Date of publication, distribution, etc. | 1994. |
| 300 ## - PHYSICAL DESCRIPTION | |
| Extent | 69 páginas : |
| Other physical details | ilustraciones a color ; |
| Dimensions | 20 X 22 cm. |
| 520 0# - SUMMARY, ETC. | |
| Summary, etc. | Cuidemos nuestra tierra, tanto la ilustración como el libro que llevan este nombre, son producciones singulares y hermosas que muestran ejemplos factibles de una relación equilibrada entre las familias campesinas y el ambiente que las rodea. |
| 650 24 - SUBJECT ADDED ENTRY--TOPICAL TERM | |
| Topical term or geographic name entry element | Vida en el campo |
| General subdivision | Fundamentos |
| 9 (RLIN) | 11699 |
| 650 24 - SUBJECT ADDED ENTRY--TOPICAL TERM | |
| Topical term or geographic name entry element | Conservación de los recursos agrícolas |
| General subdivision | Fundamentos |
| 9 (RLIN) | 11700 |
| 700 1# - ADDED ENTRY--PERSONAL NAME | |
| Personal name | Moosbrugger, Warner, |
| Relator term | autor |
| 9 (RLIN) | 11701 |
| 942 ## - ADDED ENTRY ELEMENTS (KOHA) | |
| Source of classification or shelving scheme | Dewey Decimal Classification |
| Koha item type | Books |
| Withdrawn status | Lost status | Source of classification or shelving scheme | Damaged status | Not for loan | Home library | Current library | Shelving location | Date acquired | Source of acquisition | Total Checkouts | Full call number | Barcode | Date last seen | Copy number | Price effective from | Koha item type |
|---|---|---|---|---|---|---|---|---|---|---|---|---|---|---|---|---|
| Dewey Decimal Classification | Biblioteca Pública José María del Castillo y Rada | Biblioteca Pública José María del Castillo y Rada | General Stacks | 10/02/2020 | Donación | 333.9516 / R788c | 201810049 | 05/16/2024 | Ej.1 | 10/02/2020 | Books | |||||
| Dewey Decimal Classification | Biblioteca Pública José María del Castillo y Rada | Biblioteca Pública José María del Castillo y Rada | General Stacks | 10/02/2020 | Donación | 333.9516 / R788c | 201810050 | 05/16/2024 | Ej.2 | 10/02/2020 | Books |